000 00949nam a22002297a 4500
999 _c6653
_d6653
003 AR-CdUCM
008 190318b ||||| |||| 00| 0 spa d
040 _aMUNICIPALIDAD PROVINCIAL DEL CUSCO
_cBIBLIOTECA MUNICIPAL DEL CUSCO
041 _heng
082 _a541 /
_bW79
100 _aWoodward, R. B.
_918714
245 _aConservación de la Simetría Orbital /
260 _aEspaña :
_bAlhambra ;
_c1972.
300 _a213 páginas ;
_bDiagramas, ilustraciones, fórmulas
_c20cm
440 _aColección Exedra - Ciencia, Técnica, Ingeniería
_n79
_918715
505 _aContenido: Orbitales y enlaces -- Diagramas de correlación -- La conservación de la simetría orbital -- Teoría de las reacciones electrocíclicas -- Teoría de las reacciones sigmatrópicas...
650 _aQuímica
_94512
700 _aHoffmann, R.
_918716
700 _aPérez Alvarez-Ossorio, Rafael (traducción)
_918717
942 _2ddc
_cLIBROS
945 _anom